A short history of linguistics /

Bibliographic Details
Main Author: Robins, R. H. (Robert Henry)
Format: Book
Language:English
Published: London ; New York : Longman, 1979.
Edition:2d ed.
Series:Longman linguistics library ; no. 6.
Subjects:

MARC

Tag First Indicator Second Indicator Subfields
LEADER 00000pam a2200000 i 4500
001 in00000060387
005 20151007082555.0
008 781129s1979 enk b 00110 eng
010 |a  78040983  
015 |a GB79 
020 |a 0582552893 :  |c 7.20 
020 |a 0582552885 (pbk.) 
035 |a (OCoLC)04494249 
035 |9 AAF8087AM 
040 |a DLC  |c DLC  |d TXA  |d UtOrBLW 
049 |a TXAM  |c [1159495] 
050 0 0 |a P61  |b .R6 1979 
082 0 |a 410/.9 
100 1 |a Robins, R. H.  |q (Robert Henry) 
245 1 2 |a A short history of linguistics /  |c R. H. Robins. 
250 |a 2d ed. 
264 1 |a London ;  |a New York :  |b Longman,  |c 1979. 
300 |a vii, 248 pages ;  |c 22 cm. 
336 |a text  |b txt  |2 rdacontent 
337 |a unmediated  |b n  |2 rdamedia 
338 |a volume  |b nc  |2 rdacarrier 
490 1 |a Longman linguistics library ;  |v  no. 6 
504 |a Includes bibliographical references and index. 
650 0 |a Linguistics  |x History. 
830 0 |a Longman linguistics library ;  |v  no. 6. 
999 |a MARS 
999 f f |s cd6dc3cd-ed97-35c4-a80d-1994976c1c1f  |i ec040842-686a-357c-b85f-21612b15dd52  |t 0 
952 f f |p ric  |a Texas A&M University  |b Rellis Campus  |c Joint Library Facility  |s JLF  |d Remote Storage  |t 0  |e P61 .R6 1979  |h Library of Congress classification  |i unmediated -- volume  |m A14803520878 
998 f f |a P61 .R6 1979  |t 0  |l Remote Storage